Khi hoa cúc nở : Truyện ngắn chọn lọc
Tallennettuna:
| Päätekijä: | |
|---|---|
| Aineistotyyppi: | Kirja |
| Kieli: | Undetermined |
| Julkaistu: |
Hà Nội
Hội Nhà văn
2019
|
| Aiheet: | |
| Tagit: |
Lisää tagi
Ei tageja, Lisää ensimmäinen tagi!
|
| Thư viện lưu trữ: | Trung tâm Học liệu Trường Đại học Cần Thơ |
|---|
| LEADER | 00609nam a2200205Ia 4500 | ||
|---|---|---|---|
| 001 | CTU_235775 | ||
| 008 | 210402s9999 xx 000 0 und d | ||
| 082 | |a 895.92234 | ||
| 082 | |b N104 | ||
| 100 | |a Chu, Bá Nam | ||
| 245 | 0 | |a Khi hoa cúc nở : | |
| 245 | 0 | |b Truyện ngắn chọn lọc | |
| 245 | 0 | |c Chu Bá Nam | |
| 260 | |a Hà Nội | ||
| 260 | |b Hội Nhà văn | ||
| 260 | |c 2019 | ||
| 650 | |a Truyện ngắn, Việt Nam,Short stories, Vietnamese | ||
| 650 | |y Thế kỷ 21,21st century | ||
| 910 | |b dqhieu | ||
| 980 | |a Trung tâm Học liệu Trường Đại học Cần Thơ | ||